000
00317nam a2200109Ia 4500
008
180517s9999 xx 000 0 und d
020
_a
9789814624473
100
_a
Lehman, Carol M.
245
_c
DuFrene, Debbie D.
_a
Business communication /
260
_a
Pasig City:
_b
Cengage learning
_c
2014
300
_a
iii, 282 pages
999
_c
356421
_d
356421